00748nam a2200193 a 450000100100000000500170001000800410002704000130006808200170008110000230009824501050012126000640022630000210029050000650031150400730037650400410044965000260049065000380051600000737820250523102601.0090908s2002 dr 000 0 spa d aDO-SdBNP a121.8bN714i1 aNina Ortiz, Carlos10aIntegración de valores en la educación /cCarlos Nina Ortiz; introducción Hermes Tavera Bueno. aSanto Domingo, :bImpresos y diseños El Remanente,c2002. a153 p. ;c21 cm. aEducar es individualizar y socializar con un fin moralizador aIncluye referencias bibliográficas y notas al pie de las páginas aIncluye bibliografías (p. 143-153) 0aValores (Filosofía) 4aValores filosofía)xEnseñanza